[Event "14. Open de la Constitución 2013"]
[Site "San Sebastian de los Reyes ES"]
[Date "2013.12.07"]
[Round "8.15"]
[White "Minguela Muñoz, Bienvenido"]
[Black "Cavalle Pulla, Daniel"]
[Result "0-1"]
[WhiteElo "1817"]
[BlackElo "1985"]
[PlyCount "116"]
[EventDate "2013.11.30"]
[EventType "swiss"]
[EventRounds "9"]
[EventCountry "ESP"]
[Source "lmi"]
[SourceDate "2013.11.30"]

1. d4 Nf6 2. Nf3 c5 3. e3 g6 4. Bd3 Bg7 5. O-O O-O 6. c4 cxd4 7. exd4 d5 8. h3
dxc4 9. Bxc4 Nbd7 10. Nc3 Nb6 11. Bb3 Nfd5 12. Re1 Re8 13. Bg5 Be6 14. Qd2 Rc8
15. Rac1 Nc4 16. Qe2 Nxc3 17. bxc3 b5 18. Bf4 Qd7 19. Be5 Bh6 20. Rcd1 Bd5 21.
Rd3 Rc6 22. Qc2 Rec8 23. Bg3 Bxf3 24. Rxf3 a5 25. Re4 Re6 26. Bf4 Bg7 27. Qe2
Rcc6 28. Bxc4 bxc4 29. Rxe6 Qxe6 30. Re3 Qf5 31. Re4 e6 32. Bg3 Qg5 33. Rf4 Qd5
34. Qb2 Rc8 35. Rf3 e5 36. dxe5 Bxe5 37. Bxe5 Qxe5 38. Qb7 Rc7 39. Qb8+ Kg7 40.
Re3 Qd6 41. Qb5 Rc5 42. Qe8 Rd5 43. Re7 Rd1+ 44. Re1 Rd2 45. a4 Qf6 46. Qe3 Rd3
47. Qc1 Rxc3 48. Qb2 Rb3 49. Qc2 Rb2 50. Qe4 Qxf2+ 51. Kh1 c3 52. Qe5+ Qf6 53.
Qxf6+ Kxf6 54. Rc1 c2 55. Kh2 Ke5 56. Kg3 Kd4 57. Rf1 Rb1 58. Rf3 c1=Q 0-1

[Event "14. Open de la Constitución 2013"]
[Site "San Sebastian de los Reyes ES"]
[Date "2013.12.07"]
[Round "8.16"]
[White "Neila Ausin, Eva"]
[Black "Ruiz Sanchez, Roberto"]
[Result "0-1"]
[WhiteElo "1758"]
[BlackElo "1972"]
[PlyCount "32"]
[EventDate "2013.11.30"]
[EventType "swiss"]
[EventRounds "9"]
[EventCountry "ESP"]
[Source "lmi"]
[SourceDate "2013.11.30"]

1. d4 d5 2. Nf3 Nf6 3. c4 c6 4. Nc3 dxc4 5. a4 Bf5 6. e3 e6 7. Bxc4 Bb4 8. O-O
O-O 9. Ne2 Nbd7 10. Ng3 Bg6 11. Nh4 Qa5 12. Nxg6 hxg6 13. Be2 Rfd8 14. e4 c5
15. Be3 cxd4 16. Qxd4 Ne5 0-1

[Event "14. Open de la Constitución 2013"]
[Site "San Sebastian de los Reyes ES"]
[Date "2013.12.07"]
[Round "8.17"]
[White "Hernandez Ramos, Alberto"]
[Black "Marcos Herrero, Francisco"]
[Result "0-1"]
[WhiteElo "1457"]
[BlackElo "1939"]
[PlyCount "68"]
[EventDate "2013.11.30"]
[EventType "swiss"]
[EventRounds "9"]
[EventCountry "ESP"]
[Source "lmi"]
[SourceDate "2013.11.30"]

1. e4 c5 2. Nf3 d6 3. d4 Nf6 4. Nc3 cxd4 5. Nxd4 g6 6. f3 Bg7 7. Be3 Nc6 8. Qd2
Bd7 9. Bc4 O-O 10. O-O-O Rc8 11. Bb3 Ne5 12. Bh6 Bxh6 13. Qxh6 Rxc3 14. bxc3
Qa5 15. Qd2 Rc8 16. Kb2 Qc5 17. Rhe1 a5 18. f4 Nc4+ 19. Bxc4 Qxc4 20. Qd3 Qc7
21. Rb1 e5 22. fxe5 dxe5 23. Ne2 Be6 24. Ng3 Nd7 25. Red1 Nc5 26. Qb5 Bd7 27.
Rxd7 Nxd7 28. Ne2 Nb6 29. Kc1 Nc4 30. Qxb7 Qc5 31. Kd1 Rd8+ 32. Ke1 Ne3 33. Qb6
Nxc2+ 34. Kf1 Rd1+ 0-1

[Event "14. Open de la Constitución 2013"]
[Site "San Sebastian de los Reyes ES"]
[Date "2013.12.07"]
[Round "8.18"]
[White "Largo Barbero, Benito"]
[Black "Perez Del Amo, Jorge"]
[Result "1-0"]
[WhiteElo "1920"]
[BlackElo "1847"]
[PlyCount "65"]
[EventDate "2013.11.30"]
[EventType "swiss"]
[EventRounds "9"]
[EventCountry "ESP"]
[Source "lmi"]
[SourceDate "2013.11.30"]

1. Nc3 c5 2. e4 d6 3. g3 g6 4. Bg2 Bg7 5. d3 e6 6. Be3 Nf6 7. h3 a6 8. Qd2 Qc7
9. Bh6 O-O 10. Bxg7 Kxg7 11. Nge2 Nc6 12. f4 h5 13. O-O Rb8 14. f5 exf5 15.
exf5 Ne5 16. Qg5 Qd8 17. fxg6 fxg6 18. Nf4 Bf5 19. Qxf5 gxf5 20. Ne6+ Kg6 21.
Nxd8 Rfxd8 22. Ne2 Re8 23. Nf4+ Kh6 24. Rae1 b5 25. c3 Ng6 26. Ne2 Ne7 27. Rf2
Kg5 28. Nf4 d5 29. Ne6+ Kg6 30. Nc7 Rec8 31. Rxe7 Rb7 32. Nxd5 Rxe7 33. Nxe7+
1-0

[Event "14. Open de la Constitución 2013"]
[Site "San Sebastian de los Reyes ES"]
[Date "2013.12.07"]
[Round "8.19"]
[White "Tronch Ilzarbe, Carlos Maria"]
[Black "Fernandez Aransay, Fernando"]
[Result "1-0"]
[WhiteElo "1753"]
[BlackElo "1860"]
[PlyCount "89"]
[EventDate "2013.11.30"]
[EventType "swiss"]
[EventRounds "9"]
[EventCountry "ESP"]
[Source "lmi"]
[SourceDate "2013.11.30"]

1. d4 d5 2. Nf3 Nf6 3. Bf4 e6 4. e3 Be7 5. Nbd2 O-O 6. h3 b6 7. Ne5 Bb7 8. Bd3
Nbd7 9. c3 c5 10. Rc1 c4 11. Bb1 b5 12. a3 Rc8 13. g4 a5 14. O-O b4 15. axb4
axb4 16. g5 Ne4 17. Bxe4 Nxe5 18. Bxh7+ Kxh7 19. Qh5+ Kg8 20. Bxe5 Bxg5 21. Nf3
f6 22. Kh2 Qe8 23. Qg4 fxe5 24. Nxg5 Rf5 25. Qh4 Qg6 26. Rg1 Rcf8 27. Rg2 R8f6
28. Ne4 Qxg2+ 29. Kxg2 dxe4 30. dxe5 Rxe5 31. Rd1 Bd5 32. cxb4 Rg6+ 33. Kf1 c3
34. Rxd5 exd5 35. bxc3 Rc6 36. b5 Rxc3 37. Qd8+ Kh7 38. b6 Rf5 39. b7 Rc1+ 40.
Kg2 Rc2 41. Qh4+ Kg6 42. b8=Q Rg5+ 43. Qxg5+ Kxg5 44. Qe5+ Kh6 45. Qxd5 1-0

[Event "14. Open de la Constitución 2013"]
[Site "San Sebastian de los Reyes ES"]
[Date "2013.12.07"]
[Round "8.20"]
[White "Cerrato Torrijos, Javier"]
[Black "Martinez Miura, Enrique"]
[Result "1-0"]
[WhiteElo "1794"]
[BlackElo "1693"]
[PlyCount "65"]
[EventDate "2013.11.30"]
[EventType "swiss"]
[EventRounds "9"]
[EventCountry "ESP"]
[Source "lmi"]
[SourceDate "2013.11.30"]

1. e4 e6 2. d4 d5 3. e5 c5 4. c3 cxd4 5. cxd4 Ne7 6. Nf3 Nec6 7. Nc3 a6 8. a3
Be7 9. Bd3 O-O 10. Qc2 h6 11. O-O Nd7 12. Re1 f6 13. exf6 Nxf6 14. Bf4 Ne4 15.
Be3 Nxc3 16. bxc3 Bd7 17. c4 dxc4 18. Bxc4 Rc8 19. Qa2 Rf6 20. d5 exd5 21.
Bxd5+ Kh8 22. Rad1 Qf8 23. Be4 Bg4 24. Rb1 Bxf3 25. Bxf3 Rxf3 26. gxf3 Qxf3 27.
Qe2 Qh3 28. Qf1 Qh5 29. Qg2 b5 30. Rbc1 Bd6 31. Bd4 Qg5 32. Qxg5 hxg5 33. Re6
1-0

[Event "14. Open de la Constitución 2013"]
[Site "San Sebastian de los Reyes ES"]
[Date "2013.12.07"]
[Round "8.21"]
[White "Sebastian Enesco, Alex"]
[Black "Soto Martin, Miguel"]
[Result "0-1"]
[WhiteElo "1775"]
[BlackElo "1637"]
[PlyCount "86"]
[EventDate "2013.11.30"]
[EventType "swiss"]
[EventRounds "9"]
[EventCountry "ESP"]
[Source "lmi"]
[SourceDate "2013.11.30"]

1. e4 e5 2. f4 d5 3. Nf3 dxe4 4. Nxe5 Bc5 5. Bc4 Nh6 6. Qh5 O-O 7. Nxf7 Bf2+ 8.
Kd1 Nxf7 9. Nc3 Qh4 10. Qxh4 Bxh4 11. g3 Bf6 12. Nxe4 Re8 13. Nxf6+ gxf6 14. h3
Nc6 15. a3 Bf5 16. d3 Kg7 17. b4 Nd4 18. Bb2 Rad8 19. g4 Be6 20. Re1 Bxc4 21.
Rxe8 Rxe8 22. Bxd4 Bd5 23. g5 Kg6 24. gxf6 Kf5 25. a4 Kxf4 26. Bxa7 Ke5 27. Kd2
Kxf6 28. c4 Bg2 29. Bd4+ Ke6 30. h4 Nd6 31. Rg1 Rg8 32. c5 Nf5 33. Bf2 Kd5 34.
Kc3 Rg4 35. a5 Kc6 36. d4 Kb5 37. d5 Rc4+ 38. Kd2 Bxd5 39. Rg5 Rf4 40. Be3 Rf3
41. Bg1 Kxb4 42. Rh5 h6 43. Ke2 Ng3+ 0-1

[Event "14. Open de la Constitución 2013"]
[Site "San Sebastian de los Reyes ES"]
[Date "2013.12.07"]
[Round "8.22"]
[White "Rodriguez Anton, Jose Miguel"]
[Black "Hidalgo Prado, David"]
[Result "1/2-1/2"]
[WhiteElo "1761"]
[BlackElo "1455"]
[PlyCount "89"]
[EventDate "2013.11.30"]
[EventType "swiss"]
[EventRounds "9"]
[EventCountry "ESP"]
[Source "lmi"]
[SourceDate "2013.11.30"]

1. e4 e6 2. Nf3 d5 3. e5 c5 4. d4 cxd4 5. Nxd4 a6 6. c4 Ne7 7. a3 dxc4 8. Qa4+
Nbc6 9. Nxc6 Nxc6 10. Nc3 Qa5 11. Bf4 Be7 12. Bxc4 b5 13. Qxa5 Nxa5 14. Ba2 O-O
15. Rd1 Rd8 16. O-O Bb7 17. Be3 Rxd1 18. Rxd1 Rd8 19. Rxd8+ Bxd8 20. b4 Nc6 21.
f4 Ne7 22. Kf2 Kf8 23. Bb1 g6 24. Bc5 Ke8 25. Bxe7 Kxe7 26. g4 Bb6+ 27. Kg3 Bd4
28. Be4 Bxe4 29. Nxe4 Bb2 30. Nc5 Bxa3 31. Nxa6 Kd8 32. Kh4 Bc1 33. Nc5 Bxf4
34. Nd3 Bxh2 35. Kg5 Ke7 36. Kh6 f6 37. Kxh7 Bxe5 38. Kxg6 Bc3 39. Kh5 e5 40.
Kg6 e4 41. Nf4 Kd6 42. Ne2 Bxb4 43. Kxf6 Bd2 44. Kf5 Kd5 45. Nf4+ 1/2-1/2

[Event "14. Open de la Constitución 2013"]
[Site "San Sebastian de los Reyes ES"]
[Date "2013.12.07"]
[Round "8.23"]
[White "Igea Benito, Angel"]
[Black "Sirera Ripoll, Jose Luis"]
[Result "1-0"]
[WhiteElo "1583"]
[BlackElo "1753"]
[PlyCount "99"]
[EventDate "2013.11.30"]
[EventType "swiss"]
[EventRounds "9"]
[EventCountry "ESP"]
[Source "lmi"]
[SourceDate "2013.11.30"]

1. c4 Nf6 2. Nf3 g6 3. Nc3 d5 4. d4 Bg7 5. Bg5 c6 6. cxd5 cxd5 7. Rc1 O-O 8. h3
Nc6 9. e3 Qa5 10. Bd3 Ne4 11. Bxe4 dxe4 12. Ne5 Nxe5 13. dxe5 Qxe5 14. Bf4 Qa5
15. O-O Rd8 16. Qc2 f5 17. Qb3+ Kh8 18. Rfd1 e5 19. Bg5 Rd3 20. Qf7 Bd7 21.
Rxd3 Be8 22. Qd5 Qc7 23. Rd2 Bf7 24. Qd7 Qc4 25. b3 Qe6 26. Qxe6 Bxe6 27. Rcd1
h6 28. Be7 f4 29. Rd8+ Rxd8 30. Rxd8+ Kh7 31. Nxe4 g5 32. Bf6 Bxf6 33. Nxf6+
Kg6 34. Ng4 e4 35. exf4 gxf4 36. Rf8 Kg5 37. Nxh6 Bd7 38. Ng4 Bc6 39. Ne5 Bd5
40. h4+ Kxh4 41. Rxf4+ Kg5 42. g3 a6 43. Kf1 a5 44. Ke2 a4 45. bxa4 Bxa2 46.
Rxe4 Kf5 47. Re3 Bd5 48. f4 Be4 49. Rxe4 Kxe4 50. Kd2 1-0

[Event "14. Open de la Constitución 2013"]
[Site "San Sebastian de los Reyes ES"]
[Date "2013.12.07"]
[Round "8.24"]
[White "Guillo Longares, Cecilia"]
[Black "Menendez Hernandez, Jose Daniel"]
[Result "1/2-1/2"]
[WhiteElo "1398"]
[BlackElo "1705"]
[PlyCount "118"]
[EventDate "2013.11.30"]
[EventType "swiss"]
[EventRounds "9"]
[EventCountry "ESP"]
[Source "lmi"]
[SourceDate "2013.11.30"]

1. c4 c5 2. Nc3 Nc6 3. g3 g6 4. Bg2 Bg7 5. Nf3 d6 6. O-O e5 7. d3 Nge7 8. Bd2
O-O 9. Rb1 Bd7 10. a3 a5 11. Nb5 d5 12. cxd5 Nxd5 13. Nd6 Qc7 14. Nc4 Nde7 15.
Qe1 Nd4 16. Nxd4 exd4 17. Bf4 Qd8 18. Bxb7 Ra7 19. Bg2 Bc6 20. Bxc6 Nxc6 21.
Bd6 Re8 22. Bxc5 Rd7 23. Qd2 Rd5 24. b4 Rh5 25. h4 Bh6 26. e3 Qd7 27. Qd1 Qh3
28. Qf3 Rxh4 29. Qg2 Qxg2+ 30. Kxg2 Rh5 31. Bxd4 Nxd4 32. exd4 axb4 33. axb4
Rb8 34. Rh1 Rxh1 35. Kxh1 Bg7 36. d5 Kf8 37. Kg2 Ke8 38. Kf3 Bd4 39. Ne3 Kd7
40. Ke4 Bc3 41. b5 f5+ 42. Kf4 Kd6 43. Kg5 Bd2 44. Kh6 Rb7 45. Kg5 Bxe3+ 46.
fxe3 Kxd5 47. Kf4 h6 48. g4 fxg4 49. Kxg4 Kc5 50. Rc1+ Kxb5 51. Rb1+ Kc6 52.
Rxb7 Kxb7 53. e4 Kc6 54. d4 h5+ 55. Kg5 Kd7 56. d5 Kd6 57. Kh4 Ke5 58. Kg5 Kd6
59. Kh4 Ke5 1/2-1/2

[Event "14. Open de la Constitución 2013"]
[Site "San Sebastian de los Reyes ES"]
[Date "2013.12.07"]
[Round "8.25"]
[White "Infante Martin, Alonso"]
[Black "Navarro Rodriguez, Jesus"]
[Result "1-0"]
[WhiteElo "1498"]
[BlackElo "1664"]
[PlyCount "120"]
[EventDate "2013.11.30"]
[EventType "swiss"]
[EventRounds "9"]
[EventCountry "ESP"]
[Source "lmi"]
[SourceDate "2013.11.30"]

1. d4 Nf6 2. c4 e6 3. Nc3 h6 4. Nf3 b6 5. e4 Bb4 6. Bd2 Bxc3 7. Bxc3 Nxe4 8.
Bb4 d6 9. Bd3 Bb7 10. O-O Ng5 11. Be2 c5 12. dxc5 bxc5 13. Bc3 O-O 14. Qd3 Be4
15. Qe3 Qe7 16. Nxg5 Qxg5 17. Qxe4 d5 18. Qe5 Nd7 19. Qxg5 hxg5 20. Bf3 Nb6 21.
b3 Rad8 22. Be2 d4 23. Ba5 f5 24. Bd3 e5 25. f3 Rd6 26. Rae1 Nd7 27. Bc7 Re6
28. Rf2 g6 29. Rfe2 Rfe8 30. h3 Kg7 31. g3 Kf6 32. Kg2 Rc6 33. Ba5 Rh8 34. b4
cxb4 35. Bxb4 Rb8 36. a3 Re8 37. Rc1 e4 38. fxe4 Ne5 39. Rd2 g4 40. Be2 gxh3+
41. Kxh3 d3 42. Bxd3 Nf3 43. Bc3+ Kg5 44. Rf2 fxe4 45. Bxe4 Rxe4 46. Rxf3 Re2
47. Bd4 Rc7 48. Be3+ Rxe3 49. Rxe3 Rc5 50. Rf3 a6 51. Rf4 Kh5 52. Rd1 Kh6 53.
Rd5 Rc6 54. c5 a5 55. g4 Rc7 56. g5+ Kg7 57. Rf6 Re7 58. Kg3 a4 59. c6 Re3+ 60.
Rf3 Re8 1-0

[Event "14. Open de la Constitución 2013"]
[Site "San Sebastian de los Reyes ES"]
[Date "2013.12.07"]
[Round "8.30"]
[White "Jimenez Perez, Federico"]
[Black "Guillo Sanchez-Galiano, Ernesto"]
[Result "1-0"]
[WhiteElo "1289"]
[BlackElo "1209"]
[PlyCount "75"]
[EventDate "2013.11.30"]
[EventType "swiss"]
[EventRounds "9"]
[EventCountry "ESP"]
[Source "lmi"]
[SourceDate "2013.11.30"]

1. e4 c5 2. Nf3 Nc6 3. Bb5 g6 4. c3 Bg7 5. O-O d6 6. Re1 Nf6 7. d4 O-O 8. Bg5
cxd4 9. Bxc6 bxc6 10. cxd4 Qb6 11. Qd2 Rb8 12. b3 a5 13. Bh6 Ba6 14. Bxg7 Kxg7
15. e5 Nd7 16. exd6 exd6 17. Re7 Nf6 18. Ng5 Bc8 19. Nc3 Rb7 20. Rae1 Rxe7 21.
Rxe7 Qd8 22. Ra7 h6 23. Nf3 Re8 24. d5 Qb6 25. Ra8 Qb7 26. Rxa5 Bg4 27. dxc6
Qxc6 28. Nd4 Ne4 29. Nxc6 Nxd2 30. h3 Re1+ 31. Kh2 Nf1+ 32. Kh1 Bf5 33. g4 Ng3+
34. Kg2 Nf1 35. gxf5 Nd2 36. Nd4 Ne4 37. Nxe4 Rxe4 38. Nf3 1-0

[Event "14. Open de la Constitución 2013"]
[Site "San Sebastian de los Reyes ES"]
[Date "2013.12.08"]
[Round "9.1"]
[White "Almagro Llamas, Pablo"]
[Black "Camarero Izquierdo, Juan Carlos"]
[Result "1-0"]
[WhiteElo "2467"]
[BlackElo "1845"]
[PlyCount "69"]
[EventDate "2013.11.30"]
[EventType "swiss"]
[EventRounds "9"]
[EventCountry "ESP"]
[Source "lmi"]
[SourceDate "2013.11.30"]

1. Nf3 d5 2. g3 Nc6 3. d4 Bg4 4. Bg2 Qd7 5. h3 Bxf3 6. Bxf3 O-O-O 7. Bg2 f5 8.
e3 Nf6 9. c4 dxc4 10. Qa4 Ne4 11. Nc3 e6 12. Nxe4 fxe4 13. Bxe4 Nb4 14. Qxa7
Qb5 15. a4 Qb6 16. Qxb6 cxb6 17. Bd2 Kb8 18. Ke2 e5 19. dxe5 Nd3 20. Bc3 Bb4
21. Bxb4 Nxb4 22. Rhd1 Kc7 23. Rac1 b5 24. axb5 Kb6 25. Rxd8 Rxd8 26. Rxc4 Kxb5
27. Rc7 b6 28. e6 Re8 29. e7 g6 30. b3 Ka5 31. f4 b5 32. g4 Na6 33. Ra7 Kb6 34.
Rb7+ Ka5 35. Bc6 1-0

[Event "14. Open de la Constitución 2013"]
[Site "San Sebastian de los Reyes ES"]
[Date "2013.12.08"]
[Round "9.2"]
[White "Valles Moreno, Ivan"]
[Black "Rubio Mejia, Luis Ignacio"]
[Result "0-1"]
[WhiteElo "2373"]
[BlackElo "2452"]
[PlyCount "77"]
[EventDate "2013.11.30"]
[EventType "swiss"]
[EventRounds "9"]
[EventCountry "ESP"]
[Source "lmi"]
[SourceDate "2013.11.30"]

1. e4 c5 2. Nf3 e6 3. Nc3 a6 4. d4 cxd4 5. Nxd4 Qc7 6. Qf3 Nc6 7. Nxc6 dxc6 8.
Bd3 Nf6 9. O-O Bd6 10. h3 O-O 11. a4 a5 12. Re1 Nd7 13. Qe3 e5 14. Qg3 Kh8 15.
Bc4 Nc5 16. Be3 Be6 17. Bxe6 Nxe6 18. Rad1 Rad8 19. Rd3 Nd4 20. Rd2 Rfe8 21.
Red1 Qb6 22. Kh1 Bc5 23. Qh4 Qxb2 24. Nb1 Be7 25. Qh5 Bf6 26. c3 Qb3 27. cxd4
exd4 28. Rd3 Qc4 29. Bg5 Qc5 30. f4 Rxe4 31. Nd2 Rxf4 32. h4 h6 33. Nf3 Kg8 34.
g3 Rxf3 35. Qxf3 hxg5 36. hxg5 Qxg5 37. Rb3 b5 38. Qxc6 Qh5+ 39. Kg1 0-1

[Event "14. Open de la Constitución 2013"]
[Site "San Sebastian de los Reyes ES"]
[Date "2013.12.08"]
[Round "9.3"]
[White "Adan Bermudez, Sergio"]
[Black "Roa Alonso, Santiago"]
[Result "0-1"]
[WhiteElo "2312"]
[BlackElo "2401"]
[PlyCount "64"]
[EventDate "2013.11.30"]
[EventType "swiss"]
[EventRounds "9"]
[EventCountry "ESP"]
[Source "lmi"]
[SourceDate "2013.11.30"]

1. c4 e5 2. Nc3 Nc6 3. g3 f5 4. Bg2 Nf6 5. e3 Be7 6. Nge2 O-O 7. d4 d6 8. O-O
Qe8 9. Nd5 Bd8 10. Nec3 Ne7 11. Nxf6+ Rxf6 12. c5 e4 13. cxd6 cxd6 14. d5 Bd7
15. f3 exf3 16. Qxf3 Ng6 17. Bd2 Ba5 18. Qe2 Bxc3 19. bxc3 f4 20. Qe1 Bb5 21.
exf4 Bxf1 22. Qxf1 Qa4 23. Qb1 Re8 24. Bf1 Qa5 25. Qxb7 Qc5+ 26. Kg2 Nh4+ 27.
Kh3 Nf3 28. Qc6 Rh6+ 29. Kg2 Rxh2+ 30. Kxf3 Qf2+ 31. Kg4 h5+ 32. Kf5 Re5+ 0-1

[Event "14. Open de la Constitución 2013"]
[Site "San Sebastian de los Reyes ES"]
[Date "2013.12.08"]
[Round "9.4"]
[White "Lopez De Turiso, Jose Angel"]
[Black "Gonzalez Mateos, Rafael"]
[Result "1-0"]
[WhiteElo "2123"]
[BlackElo "2010"]
[PlyCount "117"]
[EventDate "2013.11.30"]
[EventType "swiss"]
[EventRounds "9"]
[EventCountry "ESP"]
[Source "lmi"]
[SourceDate "2013.11.30"]

1. c4 e5 2. Nc3 f5 3. d4 exd4 4. Qxd4 Nc6 5. Qe3+ Qe7 6. Nd5 Qxe3 7. Bxe3 Kd8
8. O-O-O b6 9. Bf4 d6 10. g3 Nge7 11. Bg2 Bb7 12. h4 Nxd5 13. Bxd5 Kd7 14. Nf3
Re8 15. Rhe1 g6 16. e4 fxe4 17. Rxe4 Rxe4 18. Bxe4 Bg7 19. Bd5 Ba6 20. Re1 Nd8
21. b3 c6 22. Be4 b5 23. cxb5 Bxb5 24. h5 d5 25. Bc2 Bc3 26. Rh1 Nf7 27. hxg6
hxg6 28. Rxh8 Nxh8 29. Be5 Bxe5 30. Nxe5+ Kd6 31. Nxg6 Nf7 32. Kd2 a5 33. Bd3
Bxd3 34. Kxd3 c5 35. f4 Ke6 36. Nh4 Nh6 37. a3 Kf6 38. Kc3 Ke6 39. b4 cxb4+ 40.
axb4 a4 41. b5 a3 42. Kb3 d4 43. Kxa3 Kd5 44. b6 Kc6 45. b7 Kxb7 46. Kb4 Kc6
47. Kc4 Kd6 48. Kxd4 Ke6 49. Ke4 Kf6 50. Kf3 Nf7 51. g4 Kg7 52. g5 Nd6 53. Kg4
Ne4 54. Kf3 Nd2+ 55. Ke3 Nc4+ 56. Kd4 Nd2 57. Ke5 Nc4+ 58. Ke6 Kf8 59. f5 1-0

[Event "14. Open de la Constitución 2013"]
[Site "San Sebastian de los Reyes ES"]
[Date "2013.12.08"]
[Round "9.5"]
[White "Castejon Caballero, Andres"]
[Black "Baeza Escudero, Javier"]
[Result "1/2-1/2"]
[WhiteElo "2121"]
[BlackElo "1969"]
[PlyCount "96"]
[EventDate "2013.11.30"]
[EventType "swiss"]
[EventRounds "9"]
[EventCountry "ESP"]
[Source "lmi"]
[SourceDate "2013.11.30"]

1. e4 e5 2. Nf3 Nc6 3. d4 exd4 4. Bc4 Nf6 5. e5 d5 6. Bb5 Ne4 7. Nxd4 Bd7 8.
Nxc6 bxc6 9. Bd3 Bc5 10. Bxe4 dxe4 11. Qe2 Bf5 12. c3 O-O 13. O-O e3 14. Bxe3
Bd3 15. Qg4 Bxe3 16. Rd1 Qb8 17. fxe3 Qxb2 18. Nd2 Bc2 19. Rf1 Qxc3 20. Qd4 Qd3
21. Qxd3 Bxd3 22. Rfc1 Rfd8 23. Rxc6 Bb5 24. Rc5 Rxd2 25. Rxb5 a5 26. Rc5 Ra7
27. Rac1 Rxa2 28. Rxc7 Rxc7 29. Rxc7 Kf8 30. Ra7 a4 31. g4 g5 32. e6 fxe6 33.
Rxh7 a3 34. Ra7 Ra1+ 35. Kg2 a2 36. h3 Ke8 37. Kh2 Kd8 38. Kg2 Kc8 39. h4 gxh4
40. g5 Re1 41. Rxa2 Rxe3 42. Ra4 h3+ 43. Kh2 Kd8 44. g6 Ke7 45. Rf4 Re5 46.
Kxh3 Rg5 47. Rg4 Rxg4 48. Kxg4 Kf6 1/2-1/2

[Event "14. Open de la Constitución 2013"]
[Site "San Sebastian de los Reyes ES"]
[Date "2013.12.08"]
[Round "9.6"]
[White "Alvarez Abejon, Amilcar"]
[Black "Castejon Caballero, Natalia"]
[Result "0-1"]
[WhiteElo "2081"]
[BlackElo "2011"]
[PlyCount "46"]
[EventDate "2013.11.30"]
[EventType "swiss"]
[EventRounds "9"]
[EventCountry "ESP"]
[Source "lmi"]
[SourceDate "2013.11.30"]

1. d4 d5 2. c4 dxc4 3. Nf3 Nf6 4. e3 e6 5. Bxc4 c5 6. Qe2 a6 7. Bd3 Nbd7 8. Nc3
b6 9. e4 cxd4 10. e5 dxc3 11. exf6 cxb2 12. Bxb2 Bb4+ 13. Kf1 Nxf6 14. Bb5+ Kf8
15. Rd1 Qe7 16. Ne5 axb5 17. Nc6 Qc5 18. Bxf6 gxf6 19. Nxb4 Qxb4 20. Qf3 Qc4+
21. Kg1 Qc2 22. h4 Bb7 23. Qg4 Rg8 0-1

[Event "14. Open de la Constitución 2013"]
[Site "San Sebastian de los Reyes ES"]
[Date "2013.12.08"]
[Round "9.7"]
[White "Bustos Serrano, Doroteo"]
[Black "Alfaya Marcelo, Roberto"]
[Result "1-0"]
[WhiteElo "2055"]
[BlackElo "1893"]
[PlyCount "41"]
[EventDate "2013.11.30"]
[EventType "swiss"]
[EventRounds "9"]
[EventCountry "ESP"]
[Source "lmi"]
[SourceDate "2013.11.30"]

1. Nc3 d5 2. e4 d4 3. Nce2 c5 4. f4 Nc6 5. Ng3 e5 6. f5 g6 7. Bb5 Bd7 8. Nf3
Bg7 9. O-O a6 10. Bxc6 Bxc6 11. d3 f6 12. Nh4 Ne7 13. Qg4 h5 14. Qe2 g5 15.
Nxh5 Kf7 16. Bxg5 fxg5 17. f6 Bxf6 18. Rxf6+ Ke8 19. Ng7+ Kd7 20. Qg4+ Kc7 21.
Ne6+ 1-0

[Event "14. Open de la Constitución 2013"]
[Site "San Sebastian de los Reyes ES"]
[Date "2013.12.08"]
[Round "9.8"]
[White "Aziz Ortego, Omar Luis"]
[Black "Alvarez Gonzalez, Eduardo"]
[Result "1-0"]
[WhiteElo "2037"]
[BlackElo "1805"]
[PlyCount "82"]
[EventDate "2013.11.30"]
[EventType "swiss"]
[EventRounds "9"]
[EventCountry "ESP"]
[Source "lmi"]
[SourceDate "2013.11.30"]

1. e4 c6 2. c4 d5 3. exd5 cxd5 4. d4 Nf6 5. Nc3 e6 6. Nf3 Nc6 7. Bd3 Be7 8. O-O
dxc4 9. Bxc4 O-O 10. Be3 b6 11. Qe2 Bb7 12. Rad1 Nb4 13. Ne5 Nbd5 14. Bg5 Nxc3
15. bxc3 Nd5 16. Bxe7 Nxe7 17. Bb3 Rc8 18. c4 Ba6 19. a4 Qd6 20. Qe4 Ng6 21.
Nxg6 hxg6 22. Rc1 Rfd8 23. Rfd1 Qb4 24. Qc2 Rc7 25. Rd3 Rcd7 26. Rcd1 Rc8 27.
Rc3 Rcd8 28. d5 exd5 29. cxd5 Qg4 30. h3 Qg5 31. Rg3 Qf5 32. Qd2 Rd6 33. Rf3
Qh5 34. Re3 Qf5 35. Rde1 Qc8 36. Rc3 Qa8 37. Re7 R6d7 38. Rc7 Rxe7 39. Rxe7 Qc8
40. d6 Bc4 41. d7 Rxd7 1-0

[Event "14. Open de la Constitución 2013"]
[Site "San Sebastian de los Reyes ES"]
[Date "2013.12.08"]
[Round "9.9"]
[White "Dierssen Garcia-Barredo, Guillermo"]
[Black "Hernandez Ramos, David"]
[Result "1-0"]
[WhiteElo "1974"]
[BlackElo "1753"]
[PlyCount "57"]
[EventDate "2013.11.30"]
[EventType "swiss"]
[EventRounds "9"]
[EventCountry "ESP"]
[Source "lmi"]
[SourceDate "2013.11.30"]

1. d4 g6 2. c4 Bg7 3. Nc3 Nf6 4. e4 d6 5. h3 Nbd7 6. Be3 e5 7. d5 O-O 8. Nf3 a5
9. Be2 b6 10. Qc2 Ba6 11. a3 Ra7 12. b4 axb4 13. axb4 Qa8 14. O-O Rb8 15. Ra2
Bc8 16. Rxa7 Qxa7 17. Nb5 Qb7 18. Ra1 Ra8 19. Rxa8 Qxa8 20. Nxc7 Qa3 21. Bd2
Ba6 22. Bc1 Qa1 23. Nxa6 Qxa6 24. c5 Qc8 25. c6 Qc7 26. cxd7 Qxc2 27. d8=Q+ Bf8
28. Bh6 Nd7 29. Bb5 1-0

[Event "14. Open de la Constitución 2013"]
[Site "San Sebastian de los Reyes ES"]
[Date "2013.12.08"]
[Round "9.10"]
[White "Quevedo Marin, Manuel"]
[Black "De La Orden Alcocer, Alejandro"]
[Result "1-0"]
[WhiteElo "2167"]
[BlackElo "1931"]
[PlyCount "71"]
[EventDate "2013.11.30"]
[EventType "swiss"]
[EventRounds "9"]
[EventCountry "ESP"]
[Source "lmi"]
[SourceDate "2013.11.30"]

1. d4 Nf6 2. Nf3 g6 3. Bg5 Bg7 4. Nbd2 d5 5. e3 O-O 6. Bd3 b6 7. O-O c5 8. dxc5
bxc5 9. c4 Ba6 10. Qe2 Nc6 11. a3 d4 12. Rfe1 Re8 13. exd4 Nxd4 14. Nxd4 Qxd4
15. Nb3 Qd6 16. Be3 Rac8 17. Rad1 Qb6 18. Bc2 Bb7 19. f3 Nh5 20. Qf2 Qc7 21.
Nxc5 Bc6 22. b4 Be5 23. g3 Nxg3 24. f4 Nh1 25. Qh4 Bf6 26. Qh3 Rcd8 27. Qf1 Bh4
28. Rxd8 Rxd8 29. Rd1 Rxd1 30. Bxd1 e5 31. Bc2 Qc8 32. f5 Qa8 33. Qh3 g5 34. f6
Qf8 35. Qf5 e4 36. Kxh1 1-0